000 00634nam a22001937a 4500
005 20241114131328.0
008 241114b |||||||| |||| 00| 0 eng d
020 _a9780000000002
050 _aQA135.5
_b.S54
100 _aStein, Marcy
245 _aDesigning Effective Mathematics Instruction/
_ba direct instruction approach
_cMarcy Stein, Jerry Silbert & Douglas Carnine
250 _a3rd Ed.
260 _aUpper Saddle River, New Jersey
_bMerrill Prentice Hall
_c1997
300 _axvi. 464pages
_bill.
_c27.5cm
650 _2Mathematics
700 _aSilbert, Jerry
700 _aCarnine, Douglas
942 _2lcc
_cBK
_e3rd Ed.
_n0
999 _c1192
_d1192